<?xml version="1.0" encoding="UTF-8"?>
<record
    xmlns:xsi="http://www.w3.org/2001/XMLSchema-instance"
    xsi:schemaLocation="http://www.loc.gov/MARC21/slim http://www.loc.gov/standards/marcxml/schema/MARC21slim.xsd"
    xmlns="http://www.loc.gov/MARC21/slim">

  <leader>02674nam0a2200433   4500</leader>
  <controlfield tag="001">RU\NLR\bibl\977083</controlfield>
  <controlfield tag="005">20260407143027.0</controlfield>
  <datafield tag="010" ind1=" " ind2=" ">
    <subfield code="a">5-89606-266-4</subfield>
    <subfield code="9">300</subfield>
  </datafield>
  <datafield tag="021" ind1=" " ind2=" ">
    <subfield code="a">RU</subfield>
    <subfield code="b">2006-38402</subfield>
    <subfield code="9">1929</subfield>
  </datafield>
  <datafield tag="035" ind1=" " ind2=" ">
    <subfield code="a">(nilc)EL/0000069676</subfield>
  </datafield>
  <datafield tag="035" ind1=" " ind2=" ">
    <subfield code="a">(NLR Aleph) 000965003</subfield>
  </datafield>
  <datafield tag="090" ind1=" " ind2=" ">
    <subfield code="a">363389</subfield>
    <subfield code="c">363389</subfield>
  </datafield>
  <datafield tag="100" ind1=" " ind2=" ">
    <subfield code="a">20060616d2006    |||y0rusy50      ca</subfield>
  </datafield>
  <datafield tag="101" ind1="0" ind2=" ">
    <subfield code="a">rus</subfield>
  </datafield>
  <datafield tag="102" ind1=" " ind2=" ">
    <subfield code="a">RU</subfield>
  </datafield>
  <datafield tag="105" ind1=" " ind2=" ">
    <subfield code="a">a   |||||||||</subfield>
  </datafield>
  <datafield tag="200" ind1="1" ind2=" ">
    <subfield code="a">&#x427;&#x435;&#x43B;&#x43E;&#x432;&#x435;&#x43A; &#x43D;&#x430; &#x421;&#x435;&#x432;&#x435;&#x440;&#x435;: &#x434;&#x435;&#x43C;&#x43E;&#x433;&#x440;&#x430;&#x444;&#x438;&#x44F;, &#x437;&#x434;&#x43E;&#x440;&#x43E;&#x432;&#x44C;&#x435;, &#x44D;&#x43A;&#x43E;&#x43B;&#x43E;&#x433;&#x438;&#x44F;</subfield>
    <subfield code="e">[&#x434;&#x43E;&#x43A;&#x43B;&#x430;&#x434; &#x43D;&#x430; &#x41F;&#x435;&#x440;&#x432;&#x43E;&#x43C; &#x441;&#x435;&#x432;&#x435;&#x440;&#x43D;&#x43E;&#x43C; &#x441;&#x43E;&#x446;&#x438;&#x430;&#x43B;&#x44C;&#x43D;&#x43E;-&#x44D;&#x43A;&#x43E;&#x43B;&#x43E;&#x433;&#x438;&#x447;&#x435;&#x441;&#x43A;&#x43E;&#x43C; &#x43A;&#x43E;&#x43D;&#x433;&#x440;&#x435;&#x441;&#x441;&#x435; &#x432; &#x421;&#x44B;&#x43A;&#x442;&#x44B;&#x432;&#x43A;&#x430;&#x440;&#x435; &#x432; &#x430;&#x43F;&#x440;&#x435;&#x43B;&#x435; 2005</subfield>
    <subfield code="f">&#x41C;.&#x41F;. &#x420;&#x43E;&#x449;&#x435;&#x432;&#x441;&#x43A;&#x438;&#x439;, &#x430;&#x43A;&#x430;&#x434;. &#x410;&#x41D; &#x421;&#x421;&#x421;&#x420; (&#x420;&#x410;&#x41D;), &#x410;.&#x41D;. &#x41F;&#x43E;&#x43F;&#x43E;&#x432;, &#x410;.&#x418;. &#x422;&#x430;&#x441;&#x43A;&#x430;&#x435;&#x432;, &#x43A;.&#x431;.&#x43D;. &#x438; &#x434;&#x440;.]</subfield>
    <subfield code="g">&#x420;&#x43E;&#x441;. &#x430;&#x43A;&#x430;&#x434;. &#x43D;&#x430;&#x443;&#x43A;. &#x423;&#x440;&#x430;&#x43B;. &#x43E;&#x442;&#x434;-&#x43D;&#x438;&#x435;, &#x41A;&#x43E;&#x43C;&#x438; &#x43D;&#x430;&#x443;&#x447;. &#x446;&#x435;&#x43D;&#x442;&#x440;</subfield>
  </datafield>
  <datafield tag="210" ind1=" " ind2=" ">
    <subfield code="a">&#x421;&#x44B;&#x43A;&#x442;&#x44B;&#x432;&#x43A;&#x430;&#x440;</subfield>
    <subfield code="c">&#x418;&#x437;&#x434;-&#x432;&#x43E; &#x41A;&#x43E;&#x43C;&#x438; &#x43D;&#x430;&#x443;&#x447;&#x43D;&#x43E;&#x433;&#x43E; &#x446;&#x435;&#x43D;&#x442;&#x440;&#x430; &#x423;&#x440;&#x41E; &#x420;&#x410;&#x41D;</subfield>
    <subfield code="d">2006</subfield>
  </datafield>
  <datafield tag="215" ind1=" " ind2=" ">
    <subfield code="a">92, [2] &#x441;.</subfield>
    <subfield code="c">&#x438;&#x43B;.</subfield>
    <subfield code="d">22</subfield>
  </datafield>
  <datafield tag="300" ind1=" " ind2=" ">
    <subfield code="a">&#x41D;&#x430; &#x43E;&#x431;&#x43B;.: &#x412;&#x442;&#x43E;&#x440;&#x43E;&#x439; &#x441;&#x435;&#x432;&#x435;&#x440;&#x43D;&#x44B;&#x439; &#x441;&#x43E;&#x446;&#x438;&#x430;&#x43B;&#x44C;&#x43D;&#x43E;-&#x44D;&#x43A;&#x43E;&#x43B;&#x43E;&#x433;&#x438;&#x447;&#x435;&#x441;&#x43A;&#x438;&#x439; &#x43A;&#x43E;&#x43D;&#x433;&#x440;&#x435;&#x441;&#x441;, &#x421;&#x44B;&#x43A;&#x442;&#x44B;&#x432;&#x43A;&#x430;&#x440; 2006</subfield>
  </datafield>
  <datafield tag="320" ind1=" " ind2=" ">
    <subfield code="a">&#x411;&#x438;&#x431;&#x43B;&#x438;&#x43E;&#x433;&#x440;.: &#x441;. 87-92 (34 &#x43D;&#x430;&#x437;&#x432;.)</subfield>
  </datafield>
  <datafield tag="606" ind1="1" ind2=" ">
    <subfield code="a">&#x417;&#x434;&#x43E;&#x440;&#x43E;&#x432;&#x44C;&#x435;</subfield>
    <subfield code="y">&#x420;&#x43E;&#x441;&#x441;&#x438;&#x439;&#x441;&#x43A;&#x430;&#x44F; &#x424;&#x435;&#x434;&#x435;&#x440;&#x430;&#x446;&#x438;&#x44F;</subfield>
    <subfield code="y">&#x421;&#x435;&#x432;&#x435;&#x440;</subfield>
    <subfield code="9">2081105</subfield>
    <subfield code="3">RU\NLR\auth\661257067</subfield>
  </datafield>
  <datafield tag="606" ind1="1" ind2=" ">
    <subfield code="a">&#x414;&#x435;&#x43C;&#x43E;&#x433;&#x440;&#x430;&#x444;&#x438;&#x447;&#x435;&#x441;&#x43A;&#x438;&#x435; &#x43F;&#x440;&#x43E;&#x446;&#x435;&#x441;&#x441;&#x44B;</subfield>
    <subfield code="y">&#x420;&#x43E;&#x441;&#x441;&#x438;&#x439;&#x441;&#x43A;&#x430;&#x44F; &#x424;&#x435;&#x434;&#x435;&#x440;&#x430;&#x446;&#x438;&#x44F;</subfield>
    <subfield code="y">&#x421;&#x435;&#x432;&#x435;&#x440;</subfield>
    <subfield code="9">2438752</subfield>
    <subfield code="3">RU\NLR\auth\661450991</subfield>
  </datafield>
  <datafield tag="606" ind1="1" ind2=" ">
    <subfield code="a">&#x41D;&#x435;&#x444;&#x442;&#x435;&#x433;&#x430;&#x437;&#x43E;&#x43D;&#x43E;&#x441;&#x43D;&#x44B;&#x435; &#x440;&#x430;&#x439;&#x43E;&#x43D;&#x44B;</subfield>
    <subfield code="j">&#x421;&#x44A;&#x435;&#x437;&#x434;&#x44B;, &#x441;&#x43E;&#x432;&#x435;&#x449;&#x430;&#x43D;&#x438;&#x44F; &#x438; &#x442;.&#x43F;.</subfield>
    <subfield code="x">&#x42D;&#x43A;&#x43E;&#x43B;&#x43E;&#x433;&#x438;&#x44F;</subfield>
    <subfield code="y">&#x420;&#x43E;&#x441;&#x441;&#x438;&#x439;&#x441;&#x43A;&#x430;&#x44F; &#x424;&#x435;&#x434;&#x435;&#x440;&#x430;&#x446;&#x438;&#x44F;</subfield>
    <subfield code="y">&#x421;&#x435;&#x432;&#x435;&#x440;</subfield>
    <subfield code="9">2079091</subfield>
    <subfield code="3">RU\NLR\auth\661254963</subfield>
  </datafield>
  <datafield tag="686" ind1="1" ind2=" ">
    <subfield code="a">&#x420;121.1(2&#x420;1)</subfield>
  </datafield>
  <datafield tag="686" ind1="1" ind2=" ">
    <subfield code="a">&#x421;73(2&#x420;31)74</subfield>
  </datafield>
  <datafield tag="701" ind1=" " ind2="1">
    <subfield code="4">070</subfield>
    <subfield code="8">rus</subfield>
    <subfield code="7">ca</subfield>
    <subfield code="a">&#x420;&#x43E;&#x449;&#x435;&#x432;&#x441;&#x43A;&#x438;&#x439;</subfield>
    <subfield code="b">&#x41C;.&#x41F;.</subfield>
    <subfield code="f">1933-</subfield>
    <subfield code="g">&#x41C;&#x438;&#x445;&#x430;&#x438;&#x43B; &#x41F;&#x430;&#x432;&#x43B;&#x43E;&#x432;&#x438;&#x447;</subfield>
    <subfield code="3">RU\NLR\auth\7719227</subfield>
    <subfield code="9">2300</subfield>
  </datafield>
  <datafield tag="701" ind1=" " ind2="1">
    <subfield code="4">070</subfield>
    <subfield code="8">rus</subfield>
    <subfield code="7">ca</subfield>
    <subfield code="a">&#x41F;&#x43E;&#x43F;&#x43E;&#x432;</subfield>
    <subfield code="b">&#x410;.&#x41D;.</subfield>
    <subfield code="c">&#x44D;&#x43A;&#x43E;&#x43B;&#x43E;&#x433;</subfield>
    <subfield code="f">1957-</subfield>
    <subfield code="g">&#x410;&#x43B;&#x435;&#x43A;&#x441;&#x430;&#x43D;&#x434;&#x440; &#x41D;&#x438;&#x43A;&#x43E;&#x43B;&#x430;&#x435;&#x432;&#x438;&#x447;</subfield>
    <subfield code="3">RU\NLR\auth\7742094</subfield>
    <subfield code="9">25041</subfield>
  </datafield>
  <datafield tag="701" ind1=" " ind2="1">
    <subfield code="4">070</subfield>
    <subfield code="8">rus</subfield>
    <subfield code="7">ca</subfield>
    <subfield code="a">&#x422;&#x430;&#x441;&#x43A;&#x430;&#x435;&#x432;</subfield>
    <subfield code="b">&#x410;. &#x418;.</subfield>
    <subfield code="f">1944-2010</subfield>
    <subfield code="g">&#x410;&#x43D;&#x430;&#x442;&#x43E;&#x43B;&#x438;&#x439; &#x418;&#x432;&#x430;&#x43D;&#x43E;&#x432;&#x438;&#x447;</subfield>
    <subfield code="3">RU\NLR\auth\7719276</subfield>
    <subfield code="9">2348</subfield>
  </datafield>
  <datafield tag="711" ind1="1" ind2="2">
    <subfield code="a">&#x421;&#x435;&#x432;&#x435;&#x440;&#x43D;&#x44B;&#x439; &#x441;&#x43E;&#x446;&#x438;&#x430;&#x43B;&#x44C;&#x43D;&#x43E;-&#x44D;&#x43A;&#x43E;&#x43B;&#x43E;&#x433;&#x438;&#x447;&#x435;&#x441;&#x43A;&#x438;&#x439; &#x43A;&#x43E;&#x43D;&#x433;&#x440;&#x435;&#x441;&#x441;</subfield>
    <subfield code="d">1</subfield>
    <subfield code="f">2005</subfield>
    <subfield code="e">&#x421;&#x44B;&#x43A;&#x442;&#x44B;&#x432;&#x43A;&#x430;&#x440;</subfield>
    <subfield code="3">RU\NLR\AUTH\8810086291</subfield>
    <subfield code="9">674452</subfield>
  </datafield>
  <datafield tag="712" ind1="0" ind2="2">
    <subfield code="4">570</subfield>
    <subfield code="a">&#x420;&#x43E;&#x441;&#x441;&#x438;&#x439;&#x441;&#x43A;&#x430;&#x44F; &#x430;&#x43A;&#x430;&#x434;&#x435;&#x43C;&#x438;&#x44F; &#x43D;&#x430;&#x443;&#x43A;</subfield>
    <subfield code="b">&#x41A;&#x43E;&#x43C;&#x438; &#x43D;&#x430;&#x443;&#x447;&#x43D;&#x44B;&#x439; &#x446;&#x435;&#x43D;&#x442;&#x440;</subfield>
    <subfield code="3">RU\NLR\AUTH\8811675</subfield>
    <subfield code="9">296015</subfield>
  </datafield>
  <datafield tag="801" ind1=" " ind2="0">
    <subfield code="a">RU</subfield>
    <subfield code="b">&#x41D;&#x411;&#x420; &#x41A;&#x43E;&#x43C;&#x438;</subfield>
    <subfield code="c">20060616</subfield>
    <subfield code="g">rcr</subfield>
  </datafield>
  <datafield tag="801" ind1=" " ind2="1">
    <subfield code="a">RU</subfield>
    <subfield code="b">&#x41D;&#x411;&#x420; &#x41A;&#x43E;&#x43C;&#x438;</subfield>
    <subfield code="c">20060616</subfield>
  </datafield>
  <datafield tag="801" ind1=" " ind2="2">
    <subfield code="a">RU</subfield>
    <subfield code="b">NLR</subfield>
    <subfield code="c">20060822</subfield>
    <subfield code="g">rcr</subfield>
  </datafield>
  <datafield tag="942" ind1=" " ind2=" ">
    <subfield code="c">BOOK</subfield>
  </datafield>
  <datafield tag="980" ind1=" " ind2=" ">
    <subfield code="a">NB</subfield>
  </datafield>
  <datafield tag="980" ind1=" " ind2=" ">
    <subfield code="a">NBR</subfield>
  </datafield>
  <datafield tag="995" ind1=" " ind2=" ">
    <subfield code="5">2006-08-22</subfield>
    <subfield code="a">ad</subfield>
    <subfield code="b">NLR01</subfield>
    <subfield code="c">NLR01</subfield>
    <subfield code="e">RF3</subfield>
    <subfield code="f">2245845</subfield>
    <subfield code="k">2006-6/1119</subfield>
    <subfield code="o">0</subfield>
    <subfield code="r">BOOK</subfield>
    <subfield code="s">200661119_</subfield>
  </datafield>
</record>
